Estadísticas para Países Eslavos

Haz click aquí para intentar la prueba.

Estadísticas generales

  • Esta prueba ha sido intentada 3.430 veces
  • La puntuación promedio es 11 de 13

Estadísticas de respuestas

País% Correcto
MeridionalEslovenia
92%
MeridionalSerbia
92%
OccidentalEslovaquia
91%
MeridionalCroacia
90%
OrientalRusia
89%
OrientalUcrania
89%
OrientalBielorrusia
88%
MeridionalBosnia y Herzegovina
87%
MeridionalMontenegro
86%
OccidentalRepública Checa
86%
MeridionalBulgaria
85%
MeridionalMacedonia del Norte
85%
OccidentalPolonia
82%

Distribución de puntuación

Porcentaje por número respondido

Porcentaje de gente con cada puntuación

Historial de tus puntuaciones

No has intentado esta prueba.